Normal view
MARC view
Entry Personal Name
001 - CONTROL NUMBER
- control field: 64125
003 - CONTROL NUMBER IDENTIFIER
- control field: dpl
005 - DATE AND TIME OF LATEST TRANSACTION
- control field: 20240402104559.0
008 - FIXED-LENGTH DATA ELEMENTS
- fixed length control field: 240402|| aca||aabn | a|a d
040 ## - CATALOGING SOURCE
- Original cataloging agency: dpl
- Transcribing agency: dpl
100 ## - HEADING--PERSONAL NAME
- Personal name: द्विवेदी,रमेश
670 ## - SOURCE DATA FOUND
- Source citation: Work cat.: (dpl)201851: द्विवेदी,रमेश, ज्ञान -विज्ञानं प्रश्नोतरी/, 2021
